Online Catalogue and eLibrary

Women There and here (Record no. 4343)

MARC details
000 -LEADER
fixed length control field 00380nam a2200169Ia 4500
005 - DATE AND TIME OF LATEST TRANSACTION
control field 20241004014949.0
008 - FIXED-LENGTH DATA ELEMENTS--GENERAL INFORMATION
fixed length control field 240331s9999 xx 000 0 und d
020 ## - INTERNATIONAL STANDARD BOOK NUMBER
ISBN 064619903X
082 ## - DDC Classification
Item Number - Author Mark FER
Class No. 820
100 ## - MAIN ENTRY--PERSONAL NAME
Personal name Fernando,C
245 #0 - TITLE STATEMENT
Title Women There and here
260 ## - PUBLICATION, DISTRIBUTION, ETC.
Place of publication, distribution, etc. Australia
Name of publisher, distributor, etc. Wordlink
Date of publication, distribution, etc. 1994
300 ## - PHYSICAL DESCRIPTION
Extent (e.g. Volumes, Pages etc.) 86 p .,
650 ## - SUBJECT ADDED ENTRY--TOPICAL TERM
Topical term or geographic name entry element Social
650 ## - SUBJECT ADDED ENTRY--TOPICAL TERM
Topical term or geographic name entry element Women
942 ## - Koha item type (Biblio)
Koha item type Books in Stacks (Lending)
Holdings
Lost status Damaged status Collection code Home library Current library Shelving location Date acquired Full call number Accession Number Item type
    Lending WERC Library WERC Library Social Science Cupboard 03/31/2024 820 FER 5069 Books in Stacks (Lending)

© WERC Library